Pohľad na regióny Slovenska cez prizmu chudoby
Porovnávanie regiónov Slovenska (kraje na úrovni NUTS 3) z pohľadu vybraných konceptov chudoby. Zhodnotenie úrovne chudoby jednotlivcov v krajoch SR. Využitie metodiky navrhnutej Eurostatom (Európska komisia 2009). Porovnania národnej a regionálnej hranice chudoby.
Salvato in:
| Autore principale: | |
|---|---|
| Natura: | Capitolo di libro |
| Lingua: | slovacco |
| Soggetti: | |
| Tags: |
Nessun Tag, puoi essere il primo ad aggiungerne!!
|
MARC
| LEADER | 00000naa$a2200000$$$4500 | ||
|---|---|---|---|
| 001 | 0125345 | ||
| 005 | 20220204151552.9 | ||
| 041 | 0 | |a slo | |
| 044 | |a SK | ||
| 245 | 1 | 0 | |a Pohľad na regióny Slovenska cez prizmu chudoby |c Tomáš Želinský |
| 520 | |a Porovnávanie regiónov Slovenska (kraje na úrovni NUTS 3) z pohľadu vybraných konceptov chudoby. Zhodnotenie úrovne chudoby jednotlivcov v krajoch SR. Využitie metodiky navrhnutej Eurostatom (Európska komisia 2009). Porovnania národnej a regionálnej hranice chudoby. | ||
| 610 | 2 | 0 | |a Slovensko |
| 610 | 2 | 0 | |a regióny |
| 610 | 2 | 0 | |a obyvateľstvo |
| 610 | 2 | 0 | |a príjmy |
| 610 | 2 | 0 | |a mzdy |
| 610 | 2 | 0 | |a domácnosti |
| 610 | 2 | 0 | |a spotreba |
| 610 | 2 | 0 | |a demografia ekonomická |
| 610 | 2 | 0 | |a situácia sociálna |
| 610 | 2 | 0 | |a podmienky sociálne |
| 610 | 2 | 0 | |a chudoba |
| 100 | 1 | |a Želinský, Tomáš | |